Cuba la oculta: vida cotidiana, comunicación y cultura

সংরক্ষণ করুন:
গ্রন্থ-পঞ্জীর বিবরন
প্রধান লেখক: Horvath, Ricardo
বিন্যাস: পাঠ‍্য
প্রকাশিত: La Habana: Unión de Periodistas de Cuba
ট্যাগগুলো: ট্যাগ যুক্ত করুন
কোনো ট্যাগ নেই, প্রথমজন হিসাবে ট্যাগ করুন!

MARC

LEADER 00000 a a2200000 04500
001 23924
003
040
090 |a 169000  
100 |a Horvath, Ricardo  
245 |a Cuba la oculta: vida cotidiana, comunicación y cultura  
260 |a La Habana:   |b Unión de Periodistas de Cuba  
300 |a 199 p.  
999 |c 17493  |d 17493